Statistiques concernant Créature mythologique, légendaire et imaginaire

Cliquez ici pour prendre le quiz!

Statistiques générales

  • Ce quiz a été pris 552 fois
  • Le résultat moyen est 19 sur 42

Statistiques - réponses

DescriptionsCréatures% Correct
Créature mi-homme et mi-chevalCentaure
93%
Créature mi-homme et mi-taureauMinotaure
93%
Créature légendaire mi-femme mi-poissonSirène
93%
L'abominable homme des neigesYéti
92%
Créature mythologique à trois têtes gardant l'entrée des EnfersCerbère
87%
Créature légendaire qui a la capacité de se transformer lors des nuits de clair de luneLoup-Garou
87%
Créature mythologique n'ayant qu'un oeilCyclope
86%
Cheval ailé divin, l'une des créatures fantastiques les plus célèbres de la mythologie grecquePégase
86%
Créature légendaire (ou imaginaire) à corne uniqueLicorne
85%
Monstre mythologique qui a le pouvoir de transformer les gens en pierreMéduse
84%
Créature légendaire qui peut se transformer en chauve-sourisVampire
82%
Oiseau légendaire doué d'une grande longévité et caractérisé par son pouvoir de renaître après s'être consumé dans les flammesPhénix
80%
Créature lacustre légendaire supposée vivre, ou avoir vécu, dans le Loch Nessun, lac des Highlands en ÉcosseLoch Ness
79%
Créature légendaire aussi appelée mort-vivantZombie
76%
Créature de la mythologie grecque caractérisé par un corps de dragon ayant plusieurs têtesHydre de Lerne
74%
Créature fantastique malfaisante dont le corps tenait généralement pour moitié du lion et pour l'autre moitié de la chèvre, et qui avait la queue d'un serpentChimère
72%
Créature légendaire représentée comme une sorte de gigantesque reptile, ailes déployées et pattes armées de griffesDragon
72%
Créature légendaire avec le corps d'un aigle greffé sur l'arrière d'un lion et muni d'oreilles de chevalGriffon
62%
Créature féminine légendaire à laquelle étaient attribuées la figure d'une femme et un corps d'animal: poitrine, pattes et queue d'un lion et ailes d'oiseauSphinx
58%
Créature légendaire qui vivrait au Canada et aux États-UnisBigfoot
54%
Créature imaginaire mi-coq, mi-reptile, mentionnée dès l'Antiquité et objet de superstitions au Moyen ÂgeBasilic
38%
Créatures mythologiques malfaisantes dont le regard a le pouvoir de pétrifier les personnes qui les regardentGorgones
32%
Créature imaginaire hybride, d'apparence mi-cheval et mi-aigleHippogriffe
32%
Créature légendaire d'origine persane, ayant corps de lion, visage d'homme, et queue de scorpionManticore
28%
Divinité grecque, ayant enfanté tous les monstres avec sa femme Echidna la Vipère, qui est aussi sa sœur, né du Tartare et a été enfanté par Gaïa; ses enfants sont Cerbère, Chimère, l'Hydre de Lerne, etcTyphon
25%
Créature mythologique moitié femme et moitié serpentÉchidna
21%
Créature féminine surnaturelle considérée comme une magicienne ou une messagère de l'Autre mondeBanshee
13%
Créature fantastique qui aurait des yeux bleus, deux trous pour les narines, une bouche avec des crocs saillants vers le haut et vers le bas et serait sans poilsChupacabra
12%
Créature légendaire vaincue par Saint Romain évêque de RouenGargouille
10%
Monstre légendaire qui est une sorte de dragon à six pattes courtes, le torse comme celui d'un bœuf, recouvert d'une carapace de tortue et muni d'une queue écailleuse se terminant par un dard de scorpionTarasque
7%
Spectre canin présent principalement dans le folklore britanniqueChien noir
5%
Créature surnaturelle du folklore scandinave (ou imaginaire) gardien ou protecteur d'un lieu particulier
5%
Créature imaginaire dans laquelle un être humain est capable de se transformer en tigreTigre-Garou
4%
Créature aquatique légendaire vivant dans le fleuve Zambèze, mi-serpent et mi-crocodileChipique
3%
Géants légendaire construisant des dolmens dans la mythologie du Pays BasquesMairu
3%
Créature légendaire ayant la tête d'un lion et le corps d'une fourmiMermecolion
3%
Créature médiéval ayant le buste, la tête et les bras humains sur le corps d'un âne sans têteOnocentaure
3%
Monstre légendaire lacustre qui réside dans le lac Storsjön, en Jämtland, SuèdeStorsjöodjuret
3%
Étalon légendaire appartenant au géant maître-bâtisseurSvadilfari
3%
Créature mythologique du Moyen-âge mi-poisson et mi-chevalier d'armesZitiron
3%
Créature thérianthrope en forme de rat.Wererat
0%
Créature légendaire surnommée "le dragon des montagnes" et le symbole du désordreZmeï Gorynytch
0%

Distribution des résultats

Percentile par nombre de réponses

% des personnes avec chaque résultat

Votre développement - résultats

Vous n’avez pas pris ce quiz